[Event "24. Acropolis 2009"]
[Site "Chalkida GRE"]
[Date "2009.08.18"]
[Round "9.3"]
[White "Azarov, Sergei"]
[Black "Rozentalis, Eduardas"]
[Result "1/2-1/2"]
[WhiteElo "2630"]
[BlackElo "2588"]
[PlyCount "39"]
[EventDate "2009.08.10"]
[EventType "swiss"]
[EventRounds "9"]
[EventCountry "GRE"]
[Source "lmi"]
[SourceDate "2009.08.10"]

1. e4 e6 2. d4 d5 3. Nd2 c5 4. Ngf3 Nf6 5. exd5 exd5 6. Bb5+ Bd7 7. Bxd7+ Nbxd7
8. O-O Be7 9. dxc5 Nxc5 10. Re1 O-O 11. Nf1 Re8 12. Be3 a5 13. a4 Rc8 14. h3
Bf8 15. c3 Qb6 16. Qe2 Nfe4 17. Red1 Qb3 18. Nd4 Qc4 19. Qc2 g6 20. Nd2 1/2-1/2

[Event "24. Acropolis 2009"]
[Site "Chalkida GRE"]
[Date "2009.08.18"]
[Round "9.4"]
[White "Romanishin, Oleg M"]
[Black "Belov, Vladimir"]
[Result "1/2-1/2"]
[WhiteElo "2503"]
[BlackElo "2627"]
[PlyCount "56"]
[EventDate "2009.08.10"]
[EventType "swiss"]
[EventRounds "9"]
[EventCountry "GRE"]
[Source "lmi"]
[SourceDate "2009.08.10"]

1. Nf3 Nf6 2. g3 d5 3. Bg2 c6 4. O-O g6 5. d4 Bg7 6. Bf4 Qb6 7. Qc1 Ne4 8. Nbd2
Nxd2 9. Bxd2 O-O 10. Bh6 Bg4 11. Bxg7 Kxg7 12. c4 Bxf3 13. Bxf3 e6 14. Qc3 Nd7
15. b4 Rac8 16. a4 Qd8 17. Rfc1 Qf6 18. c5 Qe7 19. Bg2 Qf6 20. b5 e5 21. e3
exd4 22. exd4 Rfe8 23. Bh3 Rcd8 24. Re1 Nf8 25. Re3 Re4 26. Rxe4 dxe4 27. Rd1
Re8 28. Re1 Kg8 1/2-1/2

[Event "24. Acropolis 2009"]
[Site "Chalkida GRE"]
[Date "2009.08.18"]
[Round "9.5"]
[White "Gupta, Abhijeet"]
[Black "Mamedov, Nidjat"]
[Result "1/2-1/2"]
[WhiteElo "2565"]
[BlackElo "2614"]
[PlyCount "28"]
[EventDate "2009.08.10"]
[EventType "swiss"]
[EventRounds "9"]
[EventCountry "GRE"]
[Source "lmi"]
[SourceDate "2009.08.10"]

1. d4 Nf6 2. c4 g6 3. Nc3 Bg7 4. e4 d6 5. Nf3 O-O 6. Be2 e5 7. Be3 c6 8. O-O
exd4 9. Bxd4 Re8 10. Qc2 Qe7 11. Rfe1 Na6 12. Rad1 b6 13. h3 Bb7 14. Bf1 Rad8
1/2-1/2

[Event "24. Acropolis 2009"]
[Site "Chalkida GRE"]
[Date "2009.08.18"]
[Round "9.6"]
[White "Yakovich, Yuri"]
[Black "David, Alberto"]
[Result "1/2-1/2"]
[WhiteElo "2576"]
[BlackElo "2565"]
[PlyCount "49"]
[EventDate "2009.08.10"]
[EventType "swiss"]
[EventRounds "9"]
[EventCountry "GRE"]
[Source "lmi"]
[SourceDate "2009.08.10"]

1. c4 Nf6 2. Nc3 e5 3. Nf3 Nc6 4. g3 Nd4 5. Bg2 Nxf3+ 6. Bxf3 Bb4 7. Qb3 Bc5 8.
O-O O-O 9. d3 Re8 10. Bg5 h6 11. Bxf6 Qxf6 12. Ne4 Qe7 13. Nxc5 Qxc5 14. Qa4 c6
15. b4 Qe7 16. c5 d5 17. cxd6 Qxd6 18. b5 c5 19. Rfc1 Re7 20. Rab1 Qb6 21. Qc4
Rc7 22. a4 Bf5 23. Qc3 Qe6 24. a5 e4 25. dxe4 1/2-1/2

[Event "24. Acropolis 2009"]
[Site "Chalkida GRE"]
[Date "2009.08.18"]
[Round "9.8"]
[White "Mastrovasilis, Athanasios"]
[Black "Gurevich, Mikhail"]
[Result "1/2-1/2"]
[WhiteElo "2503"]
[BlackElo "2618"]
[PlyCount "42"]
[EventDate "2009.08.10"]
[EventType "swiss"]
[EventRounds "9"]
[EventCountry "GRE"]
[Source "lmi"]
[SourceDate "2009.08.10"]

1. d4 d5 2. c4 c6 3. cxd5 cxd5 4. Nc3 Nf6 5. Bf4 Nc6 6. Nf3 a6 7. Rc1 Bf5 8.
Ne5 Rc8 9. e3 Nxe5 10. dxe5 Ne4 11. Nxe4 Rxc1 12. Qxc1 dxe4 13. Be2 Qa5+ 14.
Qd2 Qxd2+ 15. Kxd2 e6 16. Rc1 Kd7 17. Rc4 Be7 18. Rd4+ Kc6 19. Rc4+ Kd7 20.
Rd4+ Kc6 21. Rc4+ Kd7 1/2-1/2

[Event "24. Acropolis 2009"]
[Site "Chalkida GRE"]
[Date "2009.08.18"]
[Round "9.9"]
[White "Melia, Salome"]
[Black "Gelashvili, Tamaz"]
[Result "0-1"]
[WhiteElo "2441"]
[BlackElo "2605"]
[PlyCount "248"]
[EventDate "2009.08.10"]
[EventType "swiss"]
[EventRounds "9"]
[EventCountry "GRE"]
[Source "lmi"]
[SourceDate "2009.08.10"]

1. e4 d6 2. d4 g6 3. Nc3 Bg7 4. Nf3 a6 5. a4 Nd7 6. g3 c5 7. Bg2 cxd4 8. Nxd4
Ngf6 9. O-O O-O 10. h3 Nc5 11. Be3 Bd7 12. f4 Rc8 13. g4 e5 14. Nb3 Nxb3 15.
cxb3 exf4 16. Bxf4 Ne8 17. Be3 Be6 18. Rc1 Be5 19. Nd5 Rxc1 20. Bxc1 Bxd5 21.
Qxd5 Qb6+ 22. Kh1 Nc7 23. Qd3 Ne6 24. Be3 Nc5 25. Qd5 Qxb3 26. Bxc5 Qxd5 27.
exd5 dxc5 28. d6 Rd8 29. Rd1 Bd4 30. Bxb7 Rxd6 31. a5 Kg7 32. Kg2 Rd8 33. Rd2
Rd6 34. h4 Re6 35. Kf3 Re7 36. Bxa6 Ra7 37. Bc4 Rxa5 38. b3 Ra1 39. h5 f6 40.
Rh2 gxh5 41. Rxh5 Be5 42. Kg2 Rd1 43. Rf5 Rd4 44. Be2 Rd2 45. Kf3 h6 46. Rh5
Rd4 47. Rh1 Kg6 48. Rd1 Rf4+ 49. Ke3 Rb4 50. Bc4 Bd4+ 51. Kf4 Rb7 52. Rd2 Ra7
53. Bd3+ Kg7 54. Bc4 Ra1 55. Kf3 Rc1 56. Re2 Rc3+ 57. Ke4 Kg6 58. Be6 Be5 59.
Re3 Rc1 60. Rh3 Kg7 61. Bf5 Bd6 62. Kd5 Bf8 63. Kc6 Re1 64. Rd3 Kf7 65. Rd7+
Be7 66. Rb7 Re5 67. Rd7 Re2 68. Rd3 Rh2 69. Kd7 Bf8 70. Kc6 h5 71. gxh5 Rxh5
72. Rf3 Rh4 73. Rd3 Rf4 74. Rd7+ Be7 75. Rd5 Rf3 76. Bd3 Re3 77. Kb5 Bf8 78.
Kc4 Rf3 79. Rf5 Rg3 80. Rf4 Ke6 81. Re4+ Kd6 82. Re2 Rf3 83. Re8 Be7 84. Be4
Rf4 85. Kd3 f5 86. Ba8 Rh4 87. Rg8 Rh3+ 88. Kc2 Bf6 89. Rg6 Ke6 90. Bb7 Rc3+
91. Kd2 Rxb3 92. Ba6 Ke5 93. Rg8 f4 94. Be2 f3 95. Bc4 Rb4 96. Bf1 f2 97. Ke2
Rb2+ 98. Kf3 Kd5 99. Rf8 Bd4 100. Rd8+ Kc6 101. Kg2 Rb1 102. Rc8+ Kb7 103. Rd8
Rc1 104. Rd6 Rb1 105. Re6 Kc7 106. Rh6 Rb8 107. Kf3 Rd8 108. Ke4 Rd6 109. Rxd6
Kxd6 110. Bb5 Kc7 111. Be2 Kb6 112. Kd3 Kb5 113. Kc2+ c4 114. Bf1 Kc5 115. Kd2
c3+ 116. Kd1 Be3 117. Ba6 Kd4 118. Bb5 Bh6 119. Ba6 Ke3 120. Bb5 Kf3 121. Bf1
Kg3 122. Kc2 Bg7 123. Kd1 Kh2 124. Bd3 Kg1 0-1

[Event "24. Acropolis 2009"]
[Site "Chalkida GRE"]
[Date "2009.08.18"]
[Round "9.11"]
[White "Danielian, Elina"]
[Black "Halkias, Stelios"]
[Result "1/2-1/2"]
[WhiteElo "2502"]
[BlackElo "2564"]
[PlyCount "38"]
[EventDate "2009.08.10"]
[EventType "swiss"]
[EventRounds "9"]
[EventCountry "GRE"]
[Source "lmi"]
[SourceDate "2009.08.10"]

1. d4 Nf6 2. Nf3 d5 3. c4 e6 4. Nc3 dxc4 5. e3 a6 6. a4 c5 7. Bxc4 Nc6 8. O-O
Be7 9. Qe2 O-O 10. Rd1 Qc7 11. b3 b6 12. Bb2 Bb7 13. d5 exd5 14. Nxd5 Nxd5 15.
Bxd5 Na5 16. Be5 Qc8 17. e4 Re8 18. Qb2 Bf8 19. Rac1 Bxd5 1/2-1/2

[Event "24. Acropolis 2009"]
[Site "Chalkida GRE"]
[Date "2009.08.18"]
[Round "9.13"]
[White "Managadze, Nikoloz"]
[Black "Tukhaev, Adam"]
[Result "1/2-1/2"]
[WhiteElo "2459"]
[BlackElo "2534"]
[PlyCount "93"]
[EventDate "2009.08.10"]
[EventType "swiss"]
[EventRounds "9"]
[EventCountry "GRE"]
[Source "lmi"]
[SourceDate "2009.08.10"]

1. e4 c5 2. c3 d5 3. exd5 Qxd5 4. d4 Nf6 5. Nf3 e6 6. Bd3 Nc6 7. O-O Be7 8. Be3
cxd4 9. cxd4 O-O 10. Nc3 Qa5 11. a3 a6 12. b4 Qc7 13. Rc1 Bd7 14. Ng5 Qd8 15.
Nge4 Na7 16. Qc2 h6 17. Nxf6+ Bxf6 18. d5 Rc8 19. Qb3 Nb5 20. Nxb5 axb5 21. Bb1
exd5 22. Qd3 g6 23. Bxh6 Re8 24. Rxc8 Qxc8 25. Qxd5 Bc6 26. Qb3 Qg4 27. Qg3
Qxg3 28. hxg3 Re2 29. Rd1 Rb2 30. Bd3 Ra2 31. Bc1 Kf8 32. Bb1 Ra1 33. Bc2 Ra2
34. Bb3 Re2 35. Kf1 Re4 36. f3 Rd4 37. Rxd4 Bxd4 38. g4 f6 39. Ke2 Be5 40. Kd3
g5 41. Be6 Ke7 42. Bf5 Kd6 43. Bd2 Bb2 44. Be4 Ke5 45. g3 Bxe4+ 46. fxe4 Ke6
47. Bc3 1/2-1/2

[Event "24. Acropolis 2009"]
[Site "Chalkida GRE"]
[Date "2009.08.18"]
[Round "9.14"]
[White "Smirin, Ilia"]
[Black "Dembo, Yelena"]
[Result "1-0"]
[WhiteElo "2650"]
[BlackElo "2466"]
[PlyCount "79"]
[EventDate "2009.08.10"]
[EventType "swiss"]
[EventRounds "9"]
[EventCountry "GRE"]
[Source "lmi"]
[SourceDate "2009.08.10"]

1. e4 c5 2. Nf3 Nc6 3. Bb5 g6 4. Bxc6 dxc6 5. d3 Bg7 6. h3 b6 7. a4 Qc7 8. a5
Rb8 9. Nbd2 e5 10. axb6 axb6 11. O-O Ne7 12. Nc4 O-O 13. Bd2 Be6 14. Ng5 Bc8
15. Ra3 f6 16. Nf3 Be6 17. Qa1 Nc8 18. b3 Qd7 19. Ra6 g5 20. Be3 Re8 21. Kh2
Qf7 22. Nfd2 Qh5 23. f3 Qf7 24. Qc3 Qb7 25. Rfa1 Bf8 26. Nf1 h5 27. h4 g4 28.
f4 g3+ 29. Nxg3 Qg7 30. fxe5 Qg4 31. Bf2 Bh6 32. exf6 Bf4 33. Qe1 Kh8 34. Kg1
Rg8 35. Qc3 Kh7 36. Ne5 Qxh4 37. Ra7+ Nxa7 38. Rxa7+ Bf7 39. Qc4 Rg7 40. Rxf7
1-0

[Event "24. Acropolis 2009"]
[Site "Chalkida GRE"]
[Date "2009.08.18"]
[Round "9.15"]
[White "Svetushkin, Dmitry"]
[Black "Ris, Robert"]
[Result "1-0"]
[WhiteElo "2607"]
[BlackElo "2421"]
[PlyCount "67"]
[EventDate "2009.08.10"]
[EventType "swiss"]
[EventRounds "9"]
[EventCountry "GRE"]
[Source "lmi"]
[SourceDate "2009.08.10"]

1. e4 c5 2. Nf3 d6 3. d4 Nf6 4. Nc3 cxd4 5. Nxd4 a6 6. Be3 e6 7. Be2 Be7 8. f4
Qc7 9. g4 d5 10. e5 Ne4 11. Nxe4 dxe4 12. O-O O-O 13. Qe1 Rd8 14. c3 Nc6 15.
Qf2 b5 16. Nb3 Rb8 17. Nd2 b4 18. Nxe4 bxc3 19. bxc3 Rb2 20. Rab1 Qb8 21. Rxb2
Qxb2 22. Bf3 Qa3 23. Bb6 Rd3 24. Qe2 Rd5 25. Bf2 Rd8 26. g5 Bf8 27. Kh1 Ne7 28.
Bc5 Qa4 29. Bb6 Rd7 30. Nc5 Qxf4 31. Bh5 Qxg5 32. Nxd7 Bxd7 33. Bxf7+ Kh8 34.
Be8 1-0

[Event "24. Acropolis 2009"]
[Site "Chalkida GRE"]
[Date "2009.08.18"]
[Round "9.16"]
[White "Foisor, Cristina Adela B"]
[Black "Muzychuk, Anna"]
[Result "1/2-1/2"]
[WhiteElo "2424"]
[BlackElo "2542"]
[PlyCount "114"]
[EventDate "2009.08.10"]
[EventType "swiss"]
[EventRounds "9"]
[EventCountry "GRE"]
[Source "lmi"]
[SourceDate "2009.08.10"]

1. c4 e5 2. g3 f5 3. Bg2 Nf6 4. Nc3 g6 5. d4 e4 6. Bg5 Bg7 7. f3 exf3 8. Nxf3
O-O 9. O-O d6 10. e4 c6 11. Qb3 Qb6 12. Rae1 Qxb3 13. axb3 Na6 14. exf5 Bxf5
15. Re7 Rf7 16. Rxf7 Kxf7 17. Nh4 Bd3 18. Rf3 Nb4 19. d5 h6 20. Bd2 g5 21. dxc6
bxc6 22. Na4 Rb8 23. Bxb4 Rxb4 24. Rxd3 gxh4 25. Bxc6 Ng4 26. gxh4 Be5 27. h3
Nf6 28. Kf2 Rb8 29. Bf3 Nd7 30. Bd1 Nc5 31. Nxc5 dxc5 32. Rd7+ Kf6 33. Rxa7
Bxb2 34. Bc2 Rd8 35. Kf3 Rd2 36. Be4 Bd4 37. Kg4 Rb2 38. Bd5 Rxb3 39. Rf7+ Ke5
40. Re7+ Kf6 41. Re6+ Kg7 42. h5 Rb1 43. Rg6+ Kh7 44. Ra6 Kg7 45. Ra7+ Kf6 46.
h4 Rg1+ 47. Kf3 Rf1+ 48. Ke4 Re1+ 49. Kd3 Re3+ 50. Kd2 Re7 51. Ra6+ Kg7 52.
Rg6+ Kh7 53. Bg8+ Kh8 54. Be6 Rg7 55. Rxh6+ Rh7 56. Rg6 Rxh5 57. Rg4 Bf6
1/2-1/2

[Event "24. Acropolis 2009"]
[Site "Chalkida GRE"]
[Date "2009.08.18"]
[Round "9.18"]
[White "Dzagnidze, Nana"]
[Black "Georgiadis, Ioannis"]
[Result "1-0"]
[WhiteElo "2536"]
[BlackElo "2438"]
[PlyCount "91"]
[EventDate "2009.08.10"]
[EventType "swiss"]
[EventRounds "9"]
[EventCountry "GRE"]
[Source "lmi"]
[SourceDate "2009.08.10"]

1. Nf3 Nf6 2. c4 e6 3. g3 d5 4. Bg2 Be7 5. O-O O-O 6. d4 dxc4 7. Ne5 Nc6 8.
Nxc6 bxc6 9. Na3 Bxa3 10. bxa3 Rb8 11. Qa4 Qxd4 12. Be3 Qe5 13. Qxa7 Rb7 14.
Qd4 Qh5 15. Bf3 e5 16. Qxc4 Ng4 17. Bxg4 Qxg4 18. Qxg4 Bxg4 19. f3 Be6 20. Rfc1
Ra8 21. Bc5 Rb2 22. Kf2 Rxa2 23. Rxa2 Bxa2 24. Bb4 Ra6 25. Rd1 h6 26. h4 Be6
27. e4 h5 28. Ke3 Ra8 29. Rc1 Bd7 30. f4 exf4+ 31. gxf4 f6 32. Rc5 g6 33. Ra5
Re8 34. Kd4 Bg4 35. Ra7 Rd8+ 36. Ke3 Re8 37. Rxc7 Bf5 38. Re7 Rxe7 39. Bxe7 Bh3
40. Bxf6 Kf7 41. Bd4 Ke6 42. Bc5 Bf1 43. a4 Bg2 44. Kd4 Bf3 45. a5 Be2 46. Bf8
1-0

[Event "24. Acropolis 2009"]
[Site "Chalkida GRE"]
[Date "2009.08.18"]
[Round "9.19"]
[White "Kapnisis, Spyridon"]
[Black "Sowray, Peter J"]
[Result "0-1"]
[WhiteElo "2464"]
[BlackElo "2335"]
[PlyCount "54"]
[EventDate "2009.08.10"]
[EventType "swiss"]
[EventRounds "9"]
[EventCountry "GRE"]
[Source "lmi"]
[SourceDate "2009.08.10"]

1. e4 b6 2. d4 Bb7 3. Bd3 g6 4. f4 f5 5. Qe2 fxe4 6. Bxe4 Bxe4 7. Qxe4 Nc6 8.
Nf3 Nf6 9. Qe2 Bg7 10. c3 O-O 11. O-O e6 12. g3 Qc8 13. b3 Qb7 14. c4 Ne7 15.
Ba3 c5 16. Nc3 Nf5 17. dxc5 Ng4 18. Rac1 g5 19. Qe4 Qxe4 20. Nxe4 gxf4 21. Rfd1
Nfe3 22. Rxd7 fxg3 23. Nfg5 Rf2 24. Nxf2 gxf2+ 25. Kh1 Bc3 26. Ne4 Rf8 27. Nxf2
Rxf2 0-1

[Event "24. Acropolis 2009"]
[Site "Chalkida GRE"]
[Date "2009.08.18"]
[Round "9.20"]
[White "Can, Emre"]
[Black "Malikentzos, Sotirios"]
[Result "1/2-1/2"]
[WhiteElo "2455"]
[BlackElo "2148"]
[PlyCount "141"]
[EventDate "2009.08.10"]
[EventType "swiss"]
[EventRounds "9"]
[EventCountry "GRE"]
[Source "lmi"]
[SourceDate "2009.08.10"]

1. e4 c6 2. d4 d5 3. Nc3 dxe4 4. Nxe4 Bf5 5. Ng3 Bg6 6. N1e2 Nd7 7. Nf4 e5 8.
Nxg6 hxg6 9. dxe5 Qa5+ 10. Bd2 Qxe5+ 11. Qe2 O-O-O 12. O-O-O Ngf6 13. Qc4 Nd5
14. Bd3 Nc5 15. Be2 Be7 16. Rhe1 Qc7 17. Qg4+ Kb8 18. c4 Rh4 19. Qf3 Nf6 20.
Bg5 Rhd4 21. Rxd4 Rxd4 22. Be3 Qa5 23. Bxd4 Qxe1+ 24. Kc2 Ne6 25. Be5+ Ka8 26.
Bc3 Qa1 27. a3 Qa2 28. Qd3 Nc5 29. Qe3 Ne6 30. f4 Bxa3 31. f5 Bc5 32. Qd3 gxf5
33. Nxf5 a6 34. Nxg7 Nxg7 35. Qd8+ Ka7 36. Qxf6 Ne6 37. h4 a5 38. h5 a4 39. Qf1
Nd4+ 40. Kd3 a3 41. Bxd4 Bxd4 42. bxa3 c5 43. Ke4 Qxa3 44. Bd3 Qb2 45. Qe2 Qc1
46. Kf5 Qh6 47. Kg4 f6 48. Qf3 Qg5+ 49. Kh3 Qc1 50. g3 Be5 51. Bf1 Qd2 52. Bg2
Qd7+ 53. g4 Bd4 54. Qd5 Qe7 55. Be4 Qc7 56. h6 f5 57. gxf5 Be3 58. f6 Bxh6 59.
f7 Kb8 60. Kg4 Bf8 61. Kf5 Qc8+ 62. Kg5 Qc7 63. Kg4 Qc8+ 64. Bf5 Qc7 65. Be4
Qc8+ 66. Bf5 Qc7 67. Be6 Qd6 68. Kf5 Qxd5+ 69. cxd5 Kc7 70. Kg6 c4 71. d6+
1/2-1/2

[Event "24. Acropolis 2009"]
[Site "Chalkida GRE"]
[Date "2009.08.18"]
[Round "9.21"]
[White "Harika, Dronavalli"]
[Black "Firat, Burak"]
[Result "1/2-1/2"]
[WhiteElo "2445"]
[BlackElo "2310"]
[PlyCount "29"]
[EventDate "2009.08.10"]
[EventType "swiss"]
[EventRounds "9"]
[EventCountry "GRE"]
[Source "lmi"]
[SourceDate "2009.08.10"]

1. d4 d5 2. c4 c6 3. Nf3 Nf6 4. Nc3 dxc4 5. a4 Bf5 6. Ne5 Nbd7 7. Nxc4 Nb6 8.
Ne5 a5 9. Bg5 g6 10. e3 Bg7 11. Bd3 Be6 12. Be2 Nbd5 13. Bh4 Nb4 14. O-O O-O
15. Nd3 1/2-1/2

[Event "24. Acropolis 2009"]
[Site "Chalkida GRE"]
[Date "2009.08.18"]
[Round "9.22"]
[White "Reshetnikov, Alexey"]
[Black "Papadopoulos, Ioannis K"]
[Result "1/2-1/2"]
[WhiteElo "2413"]
[BlackElo "2450"]
[PlyCount "70"]
[EventDate "2009.08.10"]
[EventType "swiss"]
[EventRounds "9"]
[EventCountry "GRE"]
[Source "lmi"]
[SourceDate "2009.08.10"]

1. c4 e5 2. Nc3 Nf6 3. g3 Bc5 4. Bg2 O-O 5. Nf3 Nc6 6. O-O d6 7. d3 a6 8. a3
Re8 9. b4 Ba7 10. Bg5 h6 11. Bxf6 Qxf6 12. Nd2 Bg4 13. h3 Bd7 14. Nd5 Qd8 15.
a4 Ne7 16. Nxe7+ Qxe7 17. b5 c6 18. e3 axb5 19. axb5 Bb6 20. bxc6 bxc6 21. Rxa8
Rxa8 22. Qb3 Qd8 23. Ne4 Bc7 24. Rb1 Rb8 25. Qc2 Rxb1+ 26. Qxb1 f5 27. Nd2 Qa8
28. Qb4 Qa7 29. Qc3 Kh7 30. Kf1 Qa2 31. Qc1 Ba5 32. Nf3 Qb3 33. Ke2 Qa2+ 34.
Kf1 Qb3 35. Ke2 Qa2+ 1/2-1/2

[Event "24. Acropolis 2009"]
[Site "Chalkida GRE"]
[Date "2009.08.18"]
[Round "9.23"]
[White "Vragoteris, Antonios"]
[Black "Maric, Alisa"]
[Result "1/2-1/2"]
[WhiteElo "2266"]
[BlackElo "2407"]
[PlyCount "29"]
[EventDate "2009.08.10"]
[EventType "swiss"]
[EventRounds "9"]
[EventCountry "GRE"]
[Source "lmi"]
[SourceDate "2009.08.10"]

1. d4 e6 2. c4 Nf6 3. Nf3 b6 4. g3 Ba6 5. Qa4 Bb7 6. Bg2 c5 7. O-O cxd4 8. Nxd4
Bxg2 9. Kxg2 Qc8 10. f3 Nc6 11. Nxc6 Qxc6 12. Qxc6 dxc6 13. Be3 O-O-O 14. Bf4
Bd6 15. Nc3 1/2-1/2

[Event "24. Acropolis 2009"]
[Site "Chalkida GRE"]
[Date "2009.08.18"]
[Round "9.24"]
[White "Peptan, Corina-Isabela"]
[Black "Burtasova, Anna"]
[Result "1-0"]
[WhiteElo "2392"]
[BlackElo "2325"]
[PlyCount "67"]
[EventDate "2009.08.10"]
[EventType "swiss"]
[EventRounds "9"]
[EventCountry "GRE"]
[Source "lmi"]
[SourceDate "2009.08.10"]

1. e4 c5 2. Nf3 e6 3. c3 d5 4. exd5 exd5 5. d4 Nc6 6. Be3 cxd4 7. Nxd4 Bd6 8.
Nd2 Nf6 9. Be2 O-O 10. O-O Re8 11. Re1 Ne5 12. Bg5 Ng6 13. Bf3 Re5 14. Rxe5
Bxe5 15. Nf1 h6 16. Bxf6 Bxf6 17. Ne3 Be6 18. Qb3 Nf4 19. Rd1 Be5 20. g3 Qg5
21. Nxe6 fxe6 22. Ng4 Rf8 23. h4 Nh3+ 24. Kg2 Qf5 25. Nxe5 Qxe5 26. c4 dxc4 27.
Qxb7 Qf5 28. Rd2 Qf6 29. Qe4 c3 30. bxc3 Ng1 31. Bg4 Qxc3 32. Rc2 Qa1 33. Qxe6+
Kh8 34. Rc8 1-0

[Event "24. Acropolis 2009"]
[Site "Chalkida GRE"]
[Date "2009.08.18"]
[Round "9.25"]
[White "Zawadzka, Jolanta"]
[Black "Makropoulou, Marina"]
[Result "1-0"]
[WhiteElo "2387"]
[BlackElo "2245"]
[PlyCount "107"]
[EventDate "2009.08.10"]
[EventType "swiss"]
[EventRounds "9"]
[EventCountry "GRE"]
[Source "lmi"]
[SourceDate "2009.08.10"]

1. e4 e5 2. Nf3 Nc6 3. Bb5 a6 4. Bxc6 dxc6 5. Nc3 Qd6 6. d4 exd4 7. Qxd4 Qxd4
8. Nxd4 Bd7 9. Bf4 O-O-O 10. O-O-O Ne7 11. f3 Ng6 12. Bg3 h5 13. h4 Be7 14.
Nde2 Bf6 15. Bf2 b6 16. Rd2 Ne5 17. b3 Ng6 18. Nd1 Be6 19. Nd4 c5 20. Nxe6 fxe6
21. Bg3 c4 22. bxc4 Rxd2 23. Kxd2 Rd8+ 24. Ke2 Kb7 25. Ne3 Kc6 26. f4 Bc3 27.
Kf3 Rf8 28. Rd1 Ne5+ 29. Ke2 Nd7 30. Bh2 Nc5 31. Kf3 a5 32. g4 g6 33. gxh5 gxh5
34. Bg3 a4 35. Be1 Bxe1 36. Rxe1 Rd8 37. Rd1 Rxd1 38. Nxd1 Na6 39. a3 Kc5 40.
Nb2 Kd4 41. Nxa4 Nb8 42. Nb2 Nd7 43. Nd3 Kxc4 44. f5 e5 45. Nb4 Nf6 46. Nd5
Nxd5 47. exd5 Kxd5 48. c4+ Kd6 49. Ke4 c6 50. c5+ bxc5 51. a4 c4 52. a5 c5 53.
a6 c3 54. Kd3 1-0

[Event "24. Acropolis 2009"]
[Site "Chalkida GRE"]
[Date "2009.08.18"]
[Round "9.26"]
[White "Filippas, Sebastian"]
[Black "Kotrotsos, Vasilios"]
[Result "1/2-1/2"]
[WhiteElo "2224"]
[BlackElo "2359"]
[PlyCount "46"]
[EventDate "2009.08.10"]
[EventType "swiss"]
[EventRounds "9"]
[EventCountry "GRE"]
[Source "lmi"]
[SourceDate "2009.08.10"]

1. d4 f5 2. Nf3 Nf6 3. g3 g6 4. Bg2 Bg7 5. O-O O-O 6. c4 d6 7. Nc3 c6 8. d5 e5
9. dxe6 Bxe6 10. Qd3 Ng4 11. b3 Na6 12. Bb2 Qe7 13. Rad1 Rad8 14. e3 Rfe8 15.
Ba3 Nc5 16. Qc2 Bf7 17. Bb2 h6 18. Nd4 Qg5 19. h3 Nxe3 20. fxe3 Qxe3+ 21. Qf2
Nd3 22. Rxd3 Qxd3 23. Rd1 Qe3 1/2-1/2

[Event "24. Acropolis 2009"]
[Site "Chalkida GRE"]
[Date "2009.08.18"]
[Round "9.28"]
[White "Asik, Josip"]
[Black "Petraki, Maria"]
[Result "1-0"]
[WhiteElo "2356"]
[BlackElo "2030"]
[PlyCount "93"]
[EventDate "2009.08.10"]
[EventType "swiss"]
[EventRounds "9"]
[EventCountry "GRE"]
[Source "lmi"]
[SourceDate "2009.08.10"]

1. e4 c5 2. Nf3 d6 3. c3 Nf6 4. Bd3 Nc6 5. h3 g6 6. O-O Bg7 7. Re1 e5 8. Bb5
O-O 9. d3 Bd7 10. Nbd2 Re8 11. a3 a6 12. Bc4 b5 13. Ba2 a5 14. a4 b4 15. Nc4
Qc7 16. Ng5 Be6 17. f4 Nd7 18. f5 gxf5 19. Nxe6 fxe6 20. exf5 d5 21. Ne3 Nf6
22. fxe6 Rad8 23. Qf3 Ne7 24. Ng4 Nxg4 25. Qxg4 Kh8 26. Kh1 Rd6 27. d4 cxd4 28.
cxd4 b3 29. dxe5 Rc6 30. Bxb3 Bxe5 31. Qh5 Ng6 32. Bxd5 Rc5 33. Qf3 Rf8 34. Qe4
Qd6 35. Bh6 Rd8 36. Bb3 Qb8 37. Be3 Rcc8 38. e7 Re8 39. Bf7 Rxe7 40. Bxg6 hxg6
41. Bd4 Rce8 42. Qxg6 Bxd4 43. Qh5+ Kg8 44. Rxe7 Rxe7 45. Qd5+ Kh7 46. Qxd4 Qg3
47. Rf1 1-0

[Event "24. Acropolis 2009"]
[Site "Chalkida GRE"]
[Date "2009.08.18"]
[Round "9.29"]
[White "Zygouris, Hristos"]
[Black "Cherednichenko, Svetlana"]
[Result "1/2-1/2"]
[WhiteElo "2212"]
[BlackElo "2347"]
[PlyCount "118"]
[EventDate "2009.08.10"]
[EventType "swiss"]
[EventRounds "9"]
[EventCountry "GRE"]
[Source "lmi"]
[SourceDate "2009.08.10"]

1. e4 e5 2. Bc4 Nf6 3. d3 d6 4. Nf3 Be7 5. O-O O-O 6. c3 c6 7. Bb3 Nbd7 8. Re1
Qc7 9. d4 b5 10. a4 Bb7 11. Nbd2 a6 12. Nf1 c5 13. d5 c4 14. Bc2 Nc5 15. h3
Rfb8 16. N3h2 bxa4 17. g4 Bc8 18. Ng3 Bf8 19. Qf3 Nb3 20. Bxb3 Rxb3 21. Rxa4
Nd7 22. g5 Nb6 23. Ra2 g6 24. Ng4 Bxg4 25. hxg4 Bg7 26. Kg2 Nd7 27. Qe2 a5 28.
Be3 Rab8 29. Rea1 Bf8 30. Bc1 R3b5 31. Ra4 Nc5 32. Qxc4 Qd8 33. b4 Nxa4 34.
Rxa4 axb4 35. cxb4 Qc8 36. Qxc8 Rxc8 37. Bd2 Rc2 38. Nf1 Rb7 39. Kf3 Be7 40.
Ra6 Kg7 41. Ke3 Rc4 42. f4 exf4+ 43. Kxf4 Rc2 44. Kf3 f6 45. gxf6+ Kxf6 46. Ke3
Rcc7 47. Ra3 Kf7 48. Kd3 h5 49. gxh5 gxh5 50. Ra8 Ra7 51. Rh8 Ra3+ 52. Ke2 h4
53. Ne3 Kg7 54. Re8 Kf7 55. Rh8 Kg7 56. Re8 Kf7 57. Rh8 Kg7 58. Re8 Kf7 59. Rh8
Kg7 1/2-1/2

[Event "24. Acropolis 2009"]
[Site "Chalkida GRE"]
[Date "2009.08.18"]
[Round "9.30"]
[White "Mamedjarova, Zeinab"]
[Black "Galopoulos, Nikolaos"]
[Result "0-1"]
[WhiteElo "2325"]
[BlackElo "2255"]
[PlyCount "142"]
[EventDate "2009.08.10"]
[EventType "swiss"]
[EventRounds "9"]
[EventCountry "GRE"]
[Source "lmi"]
[SourceDate "2009.08.10"]

1. d4 Nf6 2. Bf4 e6 3. e3 b6 4. Nf3 Bb7 5. Bd3 Be7 6. h3 O-O 7. O-O c5 8. c3 d6
9. Nbd2 Nbd7 10. Nc4 Ne8 11. a4 Ndf6 12. Qe2 Rc8 13. Rfd1 cxd4 14. exd4 Nd5 15.
Bh2 Nef6 16. Nfd2 Qc7 17. Ne3 Qc6 18. a5 Rfd8 19. Bb5 Qc7 20. Nc2 bxa5 21. Nb3
a6 22. Bxa6 Bxa6 23. Qxa6 Rb8 24. Ra3 Ra8 25. Qe2 a4 26. Nc5 Qc6 27. Nd3 Qb5
28. Rda1 Nb6 29. R3a2 Nfd5 30. Bg3 Rdc8 31. h4 h6 32. Qf3 Nc4 33. Na3 Nxa3 34.
Rxa3 Nb6 35. R3a2 Nc4 36. Qd1 Nb6 37. Nb4 d5 38. Nd3 a3 39. bxa3 Rxc3 40. Ne5
Qa4 41. Qxa4 Nxa4 42. Rb1 Bd6 43. Rb7 Rb8 44. Rd7 Rc1+ 45. Kh2 Nc3 46. Rd2 Ne4
47. Re2 Rbb1 48. Rd8+ Kh7 49. Kh3 Rh1+ 50. Kg4 Be7 51. Ra8 f5+ 52. Kf3 Bxh4 53.
Bxh4 Rxh4 54. Nd7 Kg6 55. Ra7 Kh5 56. a4 Ng5+ 57. Ke3 Rb3+ 58. Kd2 Rxd4+ 59.
Kc1 Rc4+ 60. Rc2 Rcb4 61. a5 Ne4 62. Kd1 d4 63. Nc5 Rb1+ 64. Ke2 R1b2 65. Nxe4
Rxc2+ 66. Kd3 Ra2 67. g4+ Kxg4 68. Rxg7+ Kf4 69. Nd2 Rxa5 70. Rg6 Ra3+ 71. Ke2
Rb2 0-1